Kadra Chorwacji Na Euro 2020 - Statystyki

Ogólne statystyki
  • Ten quiz został rozwiązany 40 razy
  • Średni wynik to 11 z 26
Statystyki odpowiedzi
Hint Odpowiedź % Poprawnych
Pomocnik Modrić
95%
Obrońca Vida
81%
Pomocnik Kovacić
76%
Bramkarz Livaković
76%
Pomocnik Perisić
70%
Pomocnik Brozović
68%
Napastnik Rebić
68%
Napastnik Kramarić
62%
Obrońca Gvardiol
54%
Obrońca Lovren
54%
Obrońca Caleta Car
51%
Pomocnik Orsić
51%
Obrońca Vrsaljko
51%
Obrońca Juranović
46%
Pomocnik Pasalić
38%
Napastnik Petković
38%
Bramkarz Kalinić
35%
Napastnik Brekalo
24%
Napastnik Budimir
24%
Pomocnik Badelj
14%
Pomocnik Vlasić
14%
Obrońca Barisić
11%
Bramkarz Sluga
5%
Obrońca Bradarić
3%
Pomocnik Ivanusec
3%
Obrońca Skorić
0%
Nie znaleziono quizów pasujących do podanych kryteriów
Rozkład punktacji
Procent ludzi z każdym wynikiem
Percentyl według liczby udzielonych odpowiedzi
Twoja historia wyników
Nie rozwiązałeś tego quizu